[Event "Oberliga Ost A 2018 2019"]
[Site "?"]
[Date "2018.11.11"]
[Round "3.3"]
[White "Zimmermann, Rene"]
[Black "Mueller, Dominik"]
[Result "1/2-1/2"]
[WhiteElo "2198"]
[BlackElo "2268"]
[PlyCount "39"]
[EventDate "2018.10.21"]
[EventType "team-tourn"]
[EventCountry "GER"]
[WhiteTeam "Dresden SG Gruen Weiss"]
[BlackTeam "Magdeburg SV Rochade"]
[WhiteTeamCountry "GER"]
[BlackTeamCountry "GER"]

1. f4 d5 2. Nf3 Nf6 3. e3 g6 4. d4 Bg7 5. Bd3 O-O 6. O-O c5 7. c3 b6 8. Bd2 Ne4
9. Be1 Ba6 10. Bxa6 Nxa6 11. Nbd2 Nd6 12. Qe2 Qc8 13. Bh4 Re8 14. Rad1 Nb8 15.
Rfe1 Nf5 16. Bf2 cxd4 17. exd4 Nd7 18. g4 Nd6 19. Ne5 Nf6 20. Qf3 1/2-1/2

[Event "Oberliga Ost A 2018 2019"]
[Site "?"]
[Date "2018.11.11"]
[Round "3.4"]
[White "Kuchynka, Lukas"]
[Black "Gehmlich, Marcel"]
[Result "1-0"]
[WhiteElo "2296"]
[BlackElo "2191"]
[PlyCount "73"]
[EventDate "2018.10.21"]
[EventType "team-tourn"]
[EventCountry "GER"]
[WhiteTeam "Magdeburg SV Rochade"]
[BlackTeam "Dresden SG Gruen Weiss"]
[WhiteTeamCountry "GER"]
[BlackTeamCountry "GER"]

1. d4 Nf6 2. Bf4 e6 3. e3 b6 4. Nd2 Bb7 5. Ngf3 Be7 6. h3 c5 7. c3 d6 8. Bd3
Nbd7 9. Qe2 Qc7 10. Bh2 O-O 11. O-O Rfe8 12. Rad1 Bf8 13. Rfe1 e5 14. dxe5 Nxe5
15. Nxe5 dxe5 16. Bb5 Re7 17. Ba6 Bc6 18. Nf1 g6 19. f3 Bg7 20. Rd2 Rd8 21.
Red1 Red7 22. Rxd7 Rxd7 23. Rxd7 Bxd7 24. Qd3 Qc6 25. Bxe5 b5 26. Qd6 Ne8 27.
Qxc6 Bxc6 28. Bb8 c4 29. Nd2 f5 30. Nb1 Kf8 31. Na3 b4 32. cxb4 c3 33. bxc3
Bxc3 34. b5 Bd5 35. Bxa7 Nc7 36. Bc8 Bb2 37. b6 1-0

[Event "Oberliga Ost A 2018 2019"]
[Site "?"]
[Date "2018.11.11"]
[Round "3.5"]
[White "Nake, Matthias"]
[Black "Niering, Martin"]
[Result "0-1"]
[WhiteElo "2200"]
[BlackElo "2186"]
[PlyCount "100"]
[EventDate "2018.10.21"]
[EventType "team-tourn"]
[EventCountry "GER"]
[WhiteTeam "Dresden SG Gruen Weiss"]
[BlackTeam "Magdeburg SV Rochade"]
[WhiteTeamCountry "GER"]
[BlackTeamCountry "GER"]

1. e4 d5 2. exd5 Nf6 3. Nc3 Nxd5 4. Nxd5 Qxd5 5. d4 Nc6 6. Nf3 e5 7. dxe5 Qxd1+
8. Kxd1 Bg4 9. Be2 O-O-O+ 10. Bd2 Bc5 11. Rf1 Rhe8 12. h3 Bxf3 13. Bxf3 Nxe5
14. Be2 Rd6 15. Kc1 Ng6 16. Bd3 Nh4 17. Bf4 Rb6 18. g4 Bxf2 19. Bd2 Bd4 20. c3
Be3 21. b4 Rd6 22. Bxe3 Rxe3 23. Bxh7 Rxc3+ 24. Kb2 Rxh3 25. Rxf7 g6 26. Re1 b5
27. Bg8 Rf3 28. Rh1 Rf2+ 29. Ka1 Nf3 30. Rc1 c6 31. Rxa7 Ne5 32. Re7 Nc4 33.
Ra7 Kb8 34. Rf7 Rc2 35. Re1 Re2 36. Rh1 Rdd2 37. Rf8+ Kc7 38. Bxc4 bxc4 39.
Rh7+ Kd6 40. Rd8+ Ke5 41. Re7+ Kf4 42. Rxe2 Rxe2 43. Rd6 Ke5 44. Rd1 c3 45. g5
Rg2 46. a3 Rd2 47. Rf1 Kd5 48. Kb1 Kc4 49. b5 cxb5 50. Rf4+ Rd4 0-1

[Event "Oberliga Ost A 2018 2019"]
[Site "?"]
[Date "2018.11.11"]
[Round "3.6"]
[White "Stolz, Mike"]
[Black "Hutsch, Oliver"]
[Result "1-0"]
[WhiteElo "2305"]
[BlackElo "2135"]
[PlyCount "73"]
[EventDate "2018.10.21"]
[EventType "team-tourn"]
[EventCountry "GER"]
[WhiteTeam "Magdeburg SV Rochade"]
[BlackTeam "Dresden SG Gruen Weiss"]
[WhiteTeamCountry "GER"]
[BlackTeamCountry "GER"]

1. Nf3 Nf6 2. g3 d5 3. Bg2 g6 4. O-O Bg7 5. d3 O-O 6. Nbd2 Nbd7 7. e4 dxe4 8.
dxe4 c6 9. e5 Nd5 10. e6 fxe6 11. Qe2 e5 12. Nc4 e4 13. Qxe4 Nc5 14. Qe2 b5 15.
Nce5 Qc7 16. Rd1 Rf5 17. Nd3 Nxd3 18. Qxd3 Rh5 19. c4 Bf5 20. Qb3 bxc4 21. Qxc4
e6 22. h3 Nb6 23. Qe2 Rxh3 24. Bxh3 Bxh3 25. Ng5 Bf5 26. g4 h6 27. Nh3 e5 28.
gxf5 gxf5 29. Qh5 f4 30. b3 Rf8 31. Bb2 Qe7 32. Kh1 Qe6 33. Rg1 Rf7 34. Rg6
Qd5+ 35. Kh2 Nd7 36. Rag1 Kh7 37. Ng5+ 1-0

[Event "Oberliga Ost A 2018 2019"]
[Site "?"]
[Date "2018.11.11"]
[Round "3.7"]
[White "Butscher, Daniel"]
[Black "Waechter, Nathalie"]
[Result "1/2-1/2"]
[WhiteElo "2188"]
[BlackElo "2052"]
[PlyCount "83"]
[EventDate "2018.10.21"]
[EventType "team-tourn"]
[EventCountry "GER"]
[WhiteTeam "Dresden SG Gruen Weiss"]
[BlackTeam "Magdeburg SV Rochade"]
[WhiteTeamCountry "GER"]
[BlackTeamCountry "GER"]

1. Nf3 d5 2. c4 e6 3. g3 Nf6 4. Bg2 c6 5. O-O Be7 6. d4 b6 7. Nbd2 O-O 8. Qc2
Na6 9. e4 Bb7 10. e5 Nd7 11. b3 c5 12. Bb2 Nb4 13. Qb1 cxd4 14. Bxd4 Rc8 15.
Rd1 Qc7 16. h4 dxc4 17. Nxc4 Bd5 18. a3 Nc6 19. Qb2 Nxd4 20. Qxd4 Nc5 21. Ncd2
Nxb3 22. Nxb3 Bxb3 23. Rdc1 Qxc1+ 24. Rxc1 Rxc1+ 25. Kh2 Rfc8 26. Nd2 Rd8 27.
Qf4 Bd5 28. Bxd5 Rxd5 29. h5 h6 30. Ne4 Rc2 31. g4 Bg5 32. Nxg5 hxg5 33. Qxg5
Rxf2+ 34. Kg3 Rdd2 35. h6 g6 36. Qe7 Rg2+ 37. Kh4 Rd4 38. Qe8+ Kh7 39. Qxf7+
Kxh6 40. Qf8+ Kh7 41. Qe7+ Kh6 42. Qf8+ 1/2-1/2

[Event "Oberliga Ost A 2018 2019"]
[Site "?"]
[Date "2018.11.11"]
[Round "3.8"]
[White "Hoffmann, Uwe"]
[Black "Rensch, Toralf"]
[Result "0-1"]
[WhiteElo "2104"]
[BlackElo "2098"]
[PlyCount "136"]
[EventDate "2018.10.21"]
[EventType "team-tourn"]
[EventCountry "GER"]
[WhiteTeam "Magdeburg SV Rochade"]
[BlackTeam "Dresden SG Gruen Weiss"]
[WhiteTeamCountry "GER"]
[BlackTeamCountry "GER"]

1. Nf3 Nf6 2. g3 e6 3. Bg2 d5 4. O-O Be7 5. c4 O-O 6. b3 c5 7. Bb2 Nc6 8. d3
Re8 9. Nbd2 d4 10. a3 e5 11. Qc2 Bf8 12. Rfd1 h6 13. Nf1 Be6 14. e3 Qd7 15. e4
Nh7 16. Bc1 g5 17. Bd2 a5 18. Rab1 f5 19. Ne1 f4 20. f3 h5 21. h4 Be7 22. hxg5
Bxg5 23. Qc1 Rf8 24. Rb2 Qe7 25. Bh1 Kh8 26. Qb1 Rf7 27. Bc1 Rg8 28. Rh2 fxg3
29. Rxh5 Bf4 30. Bg2 Rg5 31. Rh1 Kg8 32. Qc2 Rg6 33. Bh3 Ng5 34. Bxe6 Nxe6 35.
Bxf4 Nxf4 36. Ng2 Qf6 37. Nxf4 Qxf4 38. Qg2 Qxf3 39. Qxf3 Rxf3 40. Rd2 g2 41.
Rxg2 Rxg2+ 42. Kxg2 Rxd3 43. Rh3 Rc3 44. Rf3 a4 45. Nd2 Rc2 46. Rf2 axb3 47.
Nxb3 Rxc4 48. Rb2 Rc3 49. Kf2 Kf7 50. Nd2 Nd8 51. Nf3 d3 52. Ke1 Rxa3 53. Nxe5+
Ke6 54. Nf3 Kd6 55. Nd2 Kc6 56. Nc4 Ra4 57. Ne5+ Kc7 58. Nxd3 Rxe4+ 59. Kd2 Kc6
60. Kc3 Ne6 61. Rb1 b5 62. Rb2 Nc7 63. Rh2 b4+ 64. Kb3 Kb5 65. Rh6 Ne6 66. Ka2
Re3 67. Nb2 Nd4 68. Kb1 Re1+ 0-1

[Event "Oberliga Ost A 2018 2019"]
[Site "?"]
[Date "2018.11.11"]
[Round "3.1"]
[White "Wegener, Dirk"]
[Black "Sieber, Fiona"]
[Result "1/2-1/2"]
[WhiteElo "2402"]
[BlackElo "2267"]
[PlyCount "83"]
[EventDate "2018.10.21"]
[EventType "team-tourn"]
[EventCountry "GER"]
[WhiteTeam "Dresden USV TU II"]
[BlackTeam "Magdeburg SG Aufbau Elbe"]
[WhiteTeamCountry "GER"]
[BlackTeamCountry "GER"]

1. e4 c5 2. Nf3 d6 3. d4 cxd4 4. Nxd4 Nf6 5. Nc3 a6 6. Bg5 e6 7. f4 h6 8. Bh4
Qb6 9. a3 Be7 10. Bf2 Qc7 11. Qf3 Nbd7 12. h4 h5 13. g3 b5 14. Bh3 Nc5 15. O-O
Bb7 16. Rfe1 O-O 17. Re3 Rfe8 18. Qe2 e5 19. Nf3 Bf8 20. Ng5 d5 21. Nxd5 Bxd5
22. exd5 exf4 23. gxf4 Qxf4 24. Re1 Rxe3 25. Qxe3 Nxd5 26. Qe5 Rd8 27. Bg2 Qg4
28. Kh1 Nf6 29. Bf3 Qc8 30. Bd4 Bd6 31. Qe2 Re8 32. Qf2 Ncd7 33. Be4 Be5 34.
Bd5 Bxd4 35. Bxf7+ Kf8 36. Rxe8+ Qxe8 37. Qxd4 Qe1+ 38. Kg2 Qe2+ 39. Kg1 Qe1+
40. Kg2 Qe2+ 41. Kg1 Qe1+ 42. Kg2 1/2-1/2

[Event "Oberliga Ost A 2018 2019"]
[Site "?"]
[Date "2018.11.11"]
[Round "3.2"]
[White "Roseneck, Jonas"]
[Black "Osmanodja, Filiz"]
[Result "1-0"]
[WhiteElo "2239"]
[BlackElo "2325"]
[PlyCount "137"]
[EventDate "2018.10.21"]
[EventType "team-tourn"]
[EventCountry "GER"]
[WhiteTeam "Magdeburg SG Aufbau Elbe"]
[BlackTeam "Dresden USV TU II"]
[WhiteTeamCountry "GER"]
[BlackTeamCountry "GER"]

1. e4 e5 2. Nf3 Nc6 3. Bb5 a6 4. Ba4 d6 5. c3 f5 6. exf5 Bxf5 7. O-O Bd3 8. Re1
Be7 9. Qb3 b5 10. Qd5 Qd7 11. Qxd3 bxa4 12. Qc2 Nf6 13. d3 Nd8 14. Nbd2 O-O 15.
Nf1 c5 16. Ng3 Rc8 17. Qe2 Nc6 18. Qd1 d5 19. Nxe5 Nxe5 20. Rxe5 Bd6 21. Re2
Ng4 22. Nf1 Qf5 23. Be3 Rce8 24. Qc2 Re6 25. d4 Qh5 26. h3 Nxe3 27. Rxe3 Ref6
28. Re2 Rg6 29. Rae1 Rg5 30. Re3 Qh4 31. Qe2 Rgf5 32. f3 cxd4 33. Re8 R5f6 34.
cxd4 Qxd4+ 35. Kh1 Bc5 36. Ng3 Qh4 37. Qe5 Bf2 38. Nf5 Qb4 39. Rxf8+ Qxf8 40.
Qxd5+ Kh8 41. Re2 h6 42. Qd7 Rxf5 43. Re8 Bg3 44. Rxf8+ Rxf8 45. Qg4 a3 46.
bxa3 Bd6 47. a4 Rb8 48. Kg1 a5 49. Kf2 Rb2+ 50. Ke3 Bb4 51. Qc8+ Kh7 52. Qf5+
Kh8 53. g4 Rxa2 54. h4 Ra3+ 55. Kd4 Be7 56. Kd5 Rc3 57. Ke6 Bxh4 58. Qxa5 Re3+
59. Kd7 Rd3+ 60. Kc8 Rxf3 61. Qh5 Rc3+ 62. Kd7 Rd3+ 63. Kc6 Rc3+ 64. Kd5 Bf2
65. Qf7 Bg1 66. Qf8+ Kh7 67. Qf1 Rg3 68. Ke6 Re3+ 69. Kf7 1-0

[Event "Oberliga Ost A 2018 2019"]
[Site "?"]
[Date "2018.11.11"]
[Round "3.3"]
[White "Wong, Gengchun"]
[Black "Melamed, Tatjana"]
[Result "1/2-1/2"]
[WhiteElo "2158"]
[BlackElo "2397"]
[PlyCount "123"]
[EventDate "2018.10.21"]
[EventType "team-tourn"]
[EventCountry "GER"]
[WhiteTeam "Dresden USV TU II"]
[BlackTeam "Magdeburg SG Aufbau Elbe"]
[WhiteTeamCountry "GER"]
[BlackTeamCountry "GER"]

1. e4 c5 2. Nf3 e6 3. d4 cxd4 4. Nxd4 Nc6 5. Nb5 d6 6. Bf4 e5 7. Be3 Be7 8.
N1c3 a6 9. Nd5 axb5 10. Bb6 Qd7 11. Nc7+ Kf8 12. Nxa8 Nf6 13. f3 d5 14. exd5
Nxd5 15. c3 Qd6 16. Bf2 Bf5 17. Bxb5 Ncb4 18. O-O Nc2 19. Qd2 Nxa1 20. Rxa1 Nf4
21. Rd1 Qxd2 22. Rxd2 g5 23. Nb6 Kg7 24. Be3 h5 25. Nd5 Nxd5 26. Rxd5 f6 27.
Bd3 Bc8 28. a4 g4 29. Be2 Kf7 30. a5 Ke6 31. Rb5 Kf7 32. b4 Rd8 33. Bc4+ Ke8
34. Rd5 Rxd5 35. Bxd5 f5 36. b5 Ba3 37. Kf2 Kd7 38. Bf7 h4 39. fxg4 fxg4 40.
Bd5 Kd6 41. Be4 Bb2 42. c4 Bc3 43. Bb6 Bb4 44. Ke2 Bc5 45. Bxc5+ Kxc5 46. Bd5
Kb4 47. a6 bxa6 48. b6 a5 49. b7 Bxb7 50. Bxb7 a4 51. c5 a3 52. Bd5 Kxc5 53.
Ba2 Kd4 54. Bf7 e4 55. Ba2 e3 56. Bb1 Kc3 57. Ba2 Kd4 58. Bf7 Ke4 59. Bg6+ Ke5
60. Bb1 Kd4 61. Kd1 Kc3 62. Ba2 1/2-1/2

[Event "Oberliga Ost A 2018 2019"]
[Site "?"]
[Date "2018.11.11"]
[Round "3.4"]
[White "Andre, Gordon"]
[Black "Salzmann, Peter"]
[Result "1-0"]
[WhiteElo "2306"]
[BlackElo "2172"]
[PlyCount "41"]
[EventDate "2018.10.21"]
[EventType "team-tourn"]
[EventCountry "GER"]
[WhiteTeam "Magdeburg SG Aufbau Elbe"]
[BlackTeam "Dresden USV TU II"]
[WhiteTeamCountry "GER"]
[BlackTeamCountry "GER"]

1. d4 d5 2. c4 c6 3. Nf3 Nf6 4. Nc3 g6 5. Bf4 Bg7 6. e3 O-O 7. h3 Qa5 8. a3 c5
9. Be2 Nc6 10. O-O Rd8 11. Nxd5 Nxd5 12. cxd5 Rxd5 13. Bc4 Rf5 14. d5 Ne5 15.
Bxe5 Bxe5 16. g4 Rxf3 17. Qxf3 Bxb2 18. Rab1 Qc3 19. Qe2 Bxa3 20. Rb3 Qa5 21.
Ra1 1-0

[Event "Oberliga Ost A 2018 2019"]
[Site "?"]
[Date "2018.11.11"]
[Round "3.5"]
[White "Ader, Gunter"]
[Black "Biastoch, Bennet"]
[Result "0-1"]
[WhiteElo "2039"]
[BlackElo "2158"]
[PlyCount "60"]
[EventDate "2018.10.21"]
[EventType "team-tourn"]
[EventCountry "GER"]
[WhiteTeam "Dresden USV TU II"]
[BlackTeam "Magdeburg SG Aufbau Elbe"]
[WhiteTeamCountry "GER"]
[BlackTeamCountry "GER"]

1. e4 c5 2. Nf3 d6 3. d4 cxd4 4. Nxd4 Nf6 5. Nc3 Bd7 6. Be2 e6 7. O-O Be7 8.
Be3 a6 9. f4 Nc6 10. Bf3 O-O 11. Qe1 Rc8 12. Kh1 b5 13. a3 e5 14. Nxc6 Bxc6 15.
Rd1 Qc7 16. Qg3 Kh8 17. Rd2 a5 18. Nd5 Bxd5 19. exd5 Nd7 20. fxe5 Nxe5 21. Bd4
f5 22. c3 Bf6 23. Be2 Qd7 24. Qh3 g6 25. b3 Qb7 26. Qh6 Bg7 27. Qf4 Qxd5 28.
Bb6 Qxb3 29. Bxa5 Nc4 30. Rdd1 Nxa5 0-1

[Event "Oberliga Ost A 2018 2019"]
[Site "?"]
[Date "2018.11.11"]
[Round "3.6"]
[White "Woellermann, Jan"]
[Black "Oehl, Tim"]
[Result "1-0"]
[WhiteElo "2347"]
[BlackElo "2147"]
[PlyCount "141"]
[EventDate "2018.10.21"]
[EventType "team-tourn"]
[EventCountry "GER"]
[WhiteTeam "Magdeburg SG Aufbau Elbe"]
[BlackTeam "Dresden USV TU II"]
[WhiteTeamCountry "GER"]
[BlackTeamCountry "GER"]

1. d4 e6 2. c4 f5 3. Nc3 Nf6 4. Qc2 b6 5. e3 Bb7 6. f3 Bb4 7. Bd3 Nc6 8. Nge2
O-O 9. Bd2 a6 10. O-O h6 11. a3 Bxc3 12. Bxc3 Qe8 13. Rae1 d6 14. Nf4 Nd8 15.
d5 e5 16. Bxf5 exf4 17. exf4 Qf7 18. Bg6 Qd7 19. Bf5 Qf7 20. Bg6 Qd7 21. Re2
Nf7 22. Bxf6 gxf6 23. Rfe1 Ne5 24. fxe5 fxe5 25. Re4 Rf6 26. Rg4 Kh8 27. Qd2
Qg7 28. Bf5 Qe7 29. Be6 Raf8 30. Qf2 Bc8 31. Bxc8 Rxc8 32. Qh4 Qf7 33. Qh3 Rf8
34. Rh4 Kh7 35. Rhe4 a5 36. b3 Qg6 37. Qd7+ R8f7 38. Qg4 Qg5 39. Qxg5 hxg5 40.
h4 Kh6 41. hxg5+ Kxg5 42. Rg4+ Kf5 43. Rg8 Rg6 44. Rh8 Rfg7 45. Rf8+ Rf6 46.
Rxf6+ Kxf6 47. Re4 Rh7 48. g3 Kf5 49. Kg2 Rg7 50. Rh4 Re7 51. Kf2 Rg7 52. Rh8
Kg5 53. b4 axb4 54. axb4 Kf6 55. Rc8 Rh7 56. Ke3 Rg7 57. Ke4 Rh7 58. c5 bxc5
59. bxc5 dxc5 60. Rf8+ Kg6 61. Re8 Rh1 62. Re6+ Kf7 63. Rc6 Re1+ 64. Kf5 Re3
65. Rxc7+ Ke8 66. d6 Kd8 67. Ra7 e4 68. fxe4 Rxg3 69. Ke6 Rg6+ 70. Kd5 c4 71.
Rc7 1-0

[Event "Oberliga Ost A 2018 2019"]
[Site "?"]
[Date "2018.11.11"]
[Round "3.7"]
[White "Richter, Philipp"]
[Black "Merkert, Maximilian"]
[Result "1/2-1/2"]
[WhiteElo "2048"]
[BlackElo "2253"]
[PlyCount "53"]
[EventDate "2018.10.21"]
[EventType "team-tourn"]
[EventCountry "GER"]
[WhiteTeam "Dresden USV TU II"]
[BlackTeam "Magdeburg SG Aufbau Elbe"]
[WhiteTeamCountry "GER"]
[BlackTeamCountry "GER"]

1. d4 Nc6 2. c4 e5 3. d5 Bb4+ 4. Nd2 Nce7 5. a3 Bxd2+ 6. Bxd2 d6 7. e4 f5 8. f3
Nf6 9. Qc2 O-O 10. O-O-O Qe8 11. Ne2 fxe4 12. fxe4 a5 13. h3 a4 14. Nc3 Nh5 15.
Rg1 Bd7 16. Be3 b6 17. Qd2 Qg6 18. Bd3 Ng3 19. Ne2 Nxe2+ 20. Qxe2 Qg3 21. Qe1
Qxe1 22. Rgxe1 Ng6 23. Rf1 Nf4 24. Rf2 Nxd3+ 25. Rxd3 Rxf2 26. Bxf2 Rf8 27. Bg3
1/2-1/2

[Event "Oberliga Ost A 2018 2019"]
[Site "?"]
[Date "2018.11.11"]
[Round "3.8"]
[White "Lopez Rojas, Jeffrey"]
[Black "Ledfuss, Guntram"]
[Result "1-0"]
[WhiteElo "2194"]
[BlackElo "2015"]
[PlyCount "71"]
[EventDate "2018.10.21"]
[EventType "team-tourn"]
[EventCountry "GER"]
[WhiteTeam "Magdeburg SG Aufbau Elbe"]
[BlackTeam "Dresden USV TU II"]
[WhiteTeamCountry "GER"]
[BlackTeamCountry "GER"]

1. d4 Nf6 2. c4 g6 3. Nf3 Bg7 4. g3 O-O 5. Bg2 d6 6. O-O Nc6 7. Nc3 a6 8. Bf4
Rb8 9. Rc1 Re8 10. h3 Bd7 11. Qd2 e5 12. dxe5 dxe5 13. Bh6 e4 14. Bxg7 Kxg7 15.
Ng5 Bf5 16. Qf4 Qe7 17. g4 h6 18. gxf5 hxg5 19. Qe3 Qe5 20. fxg6 Kxg6 21. Nd5
Nxd5 22. cxd5 Nd4 23. Rc4 c5 24. dxc6 Nxc6 25. Qxe4+ Qxe4 26. Bxe4+ Kg7 27.
Bxc6 bxc6 28. Rc2 Re4 29. Rd1 Rh8 30. Kg2 Reh4 31. Rxc6 Rxh3 32. e3 Rh2+ 33.
Kf1 g4 34. Rc4 R8h4 35. Ra4 f5 36. Rd6 1-0

[Event "Oberliga Ost A 2018 2019"]
[Site "?"]
[Date "2018.11.11"]
[Round "3.1"]
[White "Hoepfl, Thomas"]
[Black "Bures, Jaroslav"]
[Result "1/2-1/2"]
[WhiteElo "2281"]
[BlackElo "2395"]
[PlyCount "33"]
[EventDate "2018.10.21"]
[EventType "team-tourn"]
[EventCountry "GER"]
[WhiteTeam "Halle USV"]
[BlackTeam "Hoyerswerda FVS ASP"]
[WhiteTeamCountry "GER"]
[BlackTeamCountry "GER"]

1. e4 c6 2. d3 d5 3. Nd2 e5 4. Ngf3 Bd6 5. d4 exd4 6. exd5 Nf6 7. Nxd4 O-O 8.
Be2 Nxd5 9. Ne4 Nf4 10. Bf3 Be5 11. Be3 f5 12. Nc3 Nxg2+ 13. Bxg2 f4 14. O-O
fxe3 15. fxe3 Rxf1+ 16. Qxf1 Nd7 17. Qc4+ 1/2-1/2

[Event "Oberliga Ost A 2018 2019"]
[Site "?"]
[Date "2018.11.11"]
[Round "3.3"]
[White "Hartge, Gedeon"]
[Black "Orsag, Milan"]
[Result "1-0"]
[WhiteElo "2185"]
[BlackElo "2303"]
[PlyCount "83"]
[EventDate "2018.10.21"]
[EventType "team-tourn"]
[EventCountry "GER"]
[WhiteTeam "Halle USV"]
[BlackTeam "Hoyerswerda FVS ASP"]
[WhiteTeamCountry "GER"]
[BlackTeamCountry "GER"]

1. d4 Nf6 2. c4 g6 3. f3 c5 4. d5 Bg7 5. e4 d6 6. Nc3 O-O 7. Nge2 e6 8. Ng3
exd5 9. cxd5 Nbd7 10. Be2 h5 11. Bg5 a6 12. a4 Qb6 13. Qd2 Nh7 14. a5 Qc7 15.
Bh6 b5 16. axb6 Qxb6 17. Bxg7 Kxg7 18. Nf1 Rb8 19. Ne3 f5 20. exf5 gxf5 21. Nc4
Qc7 22. O-O Re8 23. Bd3 Nb6 24. Ne3 Qf7 25. f4 Qf6 26. Rf3 Kh8 27. Qf2 Qd4 28.
Rd1 Qf6 29. Rh3 Qg6 30. Rg3 Qf6 31. Rh3 Qg6 32. Qc2 Rf8 33. Ne2 c4 34. Bxc4
Nxc4 35. Nxc4 Bd7 36. Qc3+ Qf6 37. Rxh5 Kg7 38. Rd3 Bb5 39. Rdh3 Qxc3 40. Rxh7+
Kg8 41. Nxc3 Bxc4 42. Rh8+ 1-0

[Event "Oberliga Ost A 2018 2019"]
[Site "?"]
[Date "2018.11.11"]
[Round "3.4"]
[White "Kesik, Klaus Dieter"]
[Black "Puls, Thomas"]
[Result "0-1"]
[WhiteElo "2191"]
[BlackElo "2194"]
[PlyCount "170"]
[EventDate "2018.10.21"]
[EventType "team-tourn"]
[EventCountry "GER"]
[WhiteTeam "Hoyerswerda FVS ASP"]
[BlackTeam "Halle USV"]
[WhiteTeamCountry "GER"]
[BlackTeamCountry "GER"]

1. d3 e5 2. Nf3 Nc6 3. g3 Nf6 4. Bg2 g6 5. O-O Bg7 6. c3 O-O 7. e4 d6 8. Nbd2
Nh5 9. Nc4 Kh8 10. Ne3 Bd7 11. b4 Qe8 12. Nh4 Ne7 13. Rb1 Rd8 14. Nhf5 Nxf5 15.
Nxf5 gxf5 16. Qxh5 f6 17. Qe2 c6 18. Be3 Ra8 19. Qd2 Qg6 20. Kh1 a6 21. c4 Be6
22. c5 Rfd8 23. Qc2 fxe4 24. dxe4 d5 25. f4 dxe4 26. fxe5 f5 27. Bf4 Bd5 28.
Rbe1 Qe6 29. Bh3 Rf8 30. Kg1 Bc4 31. Rf2 Bd3 32. Qb3 Qxb3 33. axb3 Rae8 34. Rd2
Kg8 35. Kf2 Rd8 36. Red1 Rde8 37. Re1 Rd8 38. Ke3 Rd5 39. Kf2 Rdd8 40. Re3 Rde8
41. Ke1 h5 42. Kf2 Rf7 43. Re1 Kh7 44. Re3 Kg6 45. Re1 Rfe7 46. Bf1 Bxf1 47.
Rxf1 Bxe5 48. Bxe5 Rxe5 49. Rd6+ R5e6 50. Rfd1 Kf6 51. Ke3 Rxd6 52. Rxd6+ Re6
53. Rd8 Re7 54. Rd6+ Ke5 55. Rd8 h4 56. Rd1 hxg3 57. hxg3 Rg7 58. Kf2 f4 59.
gxf4+ Kxf4 60. Rh1 Ke5 61. Rd1 Rh7 62. Rd8 Rh2+ 63. Kg1 Rb2 64. Rd7 Rxb3 65.
Rxb7 Kd5 66. Rb6 Ra3 67. Kf2 a5 68. Rb8 axb4 69. Rxb4 Rc3 70. Ke2 Rxc5 71. Ra4
Rc2+ 72. Ke3 Rc3+ 73. Ke2 Rh3 74. Ra8 c5 75. Ra4 c4 76. Ra8 Kd4 77. Rd8+ Kc3
78. Re8 Kc2 79. Rxe4 c3 80. Rb4 Rh5 81. Re4 Rc5 82. Re8 Kc1 83. Kd3 c2 84. Rh8
Kb2 85. Rb8+ Ka3 0-1

[Event "Oberliga Ost A 2018 2019"]
[Site "?"]
[Date "2018.11.11"]
[Round "3.5"]
[White "Schulte, Felix"]
[Black "Jahnel, Guenther"]
[Result "1/2-1/2"]
[WhiteElo "2092"]
[BlackElo "2207"]
[PlyCount "66"]
[EventDate "2018.10.21"]
[EventType "team-tourn"]
[EventCountry "GER"]
[WhiteTeam "Halle USV"]
[BlackTeam "Hoyerswerda FVS ASP"]
[WhiteTeamCountry "GER"]
[BlackTeamCountry "GER"]

1. e4 d6 2. d4 Nf6 3. Nc3 g6 4. f4 Bg7 5. a3 O-O 6. Nf3 Na6 7. e5 Nd7 8. Be3 c5
9. dxc5 Ndxc5 10. Bc4 Bf5 11. Qe2 Ne4 12. Nxe4 Bxe4 13. Ng5 Bc6 14. O-O Nc7 15.
Rad1 d5 16. Qf2 f6 17. exf6 exf6 18. Nf3 Qb8 19. Bb3 Rd8 20. Nd4 Be8 21. f5 Bf7
22. Bf4 g5 23. Bg3 Qc8 24. Rfe1 Bf8 25. Qf3 Bc5 26. Kh1 Bd6 27. Bf2 Bc5 28. c3
Re8 29. Nc2 Qd7 30. Ne3 Rad8 31. Ng4 Kg7 32. Bc2 Qd6 33. Re2 Bh5 1/2-1/2

[Event "Oberliga Ost A 2018 2019"]
[Site "?"]
[Date "2018.11.11"]
[Round "3.7"]
[White "Groebel, Aaron"]
[Black "Grohmann, Alexander"]
[Result "0-1"]
[WhiteElo "2086"]
[BlackElo "1968"]
[PlyCount "92"]
[EventDate "2018.10.21"]
[EventType "team-tourn"]
[EventCountry "GER"]
[WhiteTeam "Halle USV"]
[BlackTeam "Hoyerswerda FVS ASP"]
[WhiteTeamCountry "GER"]
[BlackTeamCountry "GER"]

1. e4 c5 2. Nf3 d6 3. d4 cxd4 4. Nxd4 Nf6 5. Nc3 a6 6. Bc4 e6 7. Bb3 Nbd7 8.
O-O Nc5 9. Qe2 Be7 10. f4 O-O 11. g4 Nxb3 12. axb3 Bd7 13. g5 Ne8 14. Qg2 d5
15. exd5 exd5 16. Be3 Bc6 17. Rad1 Qd7 18. f5 Bb4 19. Nce2 Nd6 20. Rf3 Rae8 21.
Rdf1 Bc5 22. Qh3 Re4 23. Qh5 Rxe3 24. Rxe3 Nxf5 25. Nxf5 Qe6 26. Rff3 Bxe3+ 27.
Nxe3 d4 28. Nxd4 Bxf3 29. Qxf3 Qe5 30. Ndf5 b5 31. Kg2 Rd8 32. Ng4 Qxb2 33.
Ne7+ Kf8 34. Nf5 Qxc2+ 35. Kg3 Rd3 36. Nge3 Qc7+ 37. Kh3 Rd8 38. Qe4 Re8 39.
Qb4+ Kg8 40. Qd4 Qe5 41. Qd2 Qf4 42. Qd3 Qf3+ 43. Kh4 Re4+ 44. Qxe4 Qxe4+ 45.
Kg3 a5 46. Kf2 Qf4+ 0-1

[Event "Oberliga Ost A 2018 2019"]
[Site "?"]
[Date "2018.11.11"]
[Round "3.8"]
[White "Heyme, Sibylle"]
[Black "Groeger, Stefan"]
[Result "1/2-1/2"]
[WhiteElo "2052"]
[BlackElo "2116"]
[PlyCount "99"]
[EventDate "2018.10.21"]
[EventType "team-tourn"]
[EventCountry "GER"]
[WhiteTeam "Hoyerswerda FVS ASP"]
[BlackTeam "Halle USV"]
[WhiteTeamCountry "GER"]
[BlackTeamCountry "GER"]

1. Nf3 d5 2. d4 Nf6 3. c4 e6 4. Nc3 c6 5. g3 Nbd7 6. Bg2 Be7 7. O-O O-O 8. cxd5
exd5 9. Bf4 Re8 10. Rc1 Nf8 11. Qb3 Qb6 12. Qc2 g6 13. a3 Bf5 14. Qd2 Ne4 15.
Nxe4 Bxe4 16. Be3 Bf6 17. Rfd1 Rad8 18. Bg5 Bxg5 19. Nxg5 Bxg2 20. Kxg2 Ne6 21.
Nf3 Kg7 22. Rc2 Re7 23. h4 h5 24. e3 Nc7 25. Ne5 Nb5 26. Qd3 Nd6 27. Rb1 Qb5
28. Qxb5 Nxb5 29. a4 Nd6 30. b4 f6 31. Nd3 Nc4 32. Ra2 b6 33. b5 Rc7 34. Nf4
Kf7 35. bxc6 Rxc6 36. Rb5 Rcd6 37. Rb4 Na5 38. Rb5 Nb7 39. Rc2 R8d7 40. Rc8 Nd8
41. Kf3 Ne6 42. Nxe6 Kxe6 43. a5 bxa5 44. Rxa5 Rb6 45. Ra8 Rbb7 46. Ra6+ Kf7
47. Ra5 Kg7 48. Kf4 Kf7 49. f3 Rbc7 50. g4 1/2-1/2

[Event "Oberliga Ost A 2018 2019"]
[Site "?"]
[Date "2018.11.11"]
[Round "3.1"]
[White "Boehnisch, Manfred"]
[Black "Mueller, Frank"]
[Result "0-1"]
[WhiteElo "2261"]
[BlackElo "2249"]
[PlyCount "52"]
[EventDate "2018.10.21"]
[EventType "team-tourn"]
[EventCountry "GER"]
[WhiteTeam "Leipzig SG II"]
[BlackTeam "Leipzig VfB Schach"]
[WhiteTeamCountry "GER"]
[BlackTeamCountry "GER"]

1. d4 Nf6 2. c4 g6 3. Nc3 d5 4. Bg5 Bg7 5. cxd5 Nxd5 6. e4 Nxc3 7. bxc3 c5 8.
Bb5+ Nc6 9. Ne2 cxd4 10. Bxc6+ bxc6 11. cxd4 c5 12. Be3 Qa5+ 13. Bd2 Qa3 14.
Bc1 Qa6 15. Be3 Bb7 16. f3 O-O 17. Rb1 cxd4 18. Bxd4 Rfd8 19. Qb3 Bxd4 20. Qxb7
Qxa2 21. Nxd4 Qxg2 22. Rf1 Rxd4 23. Qxa8+ Kg7 24. Rf2 Qg1+ 25. Ke2 Qxb1 26.
Qxa7 Qd3+ 0-1